<?xml version="1.0" encoding="UTF-8"?>
<marc:record xmlns:marc="http://www.loc.gov/MARC21/slim" type="Bibliographic">
   <marc:leader>00000nam a2200000uc 4500</marc:leader>
   <marc:controlfield tag="001">1384018573</marc:controlfield>
   <marc:controlfield tag="003">DE-101</marc:controlfield>
   <marc:controlfield tag="005">20260406170453.0</marc:controlfield>
   <marc:controlfield tag="007">cr||||||||||||</marc:controlfield>
   <marc:controlfield tag="008">251210s2026    gw |||||o|||| 00||||ger  </marc:controlfield>
   <marc:datafield ind1=" " ind2=" " tag="015">
      <marc:subfield code="a">26,O01</marc:subfield>
      <marc:subfield code="2">dnb</marc:subfield>
   </marc:datafield>
   <marc:datafield ind1="7" ind2=" " tag="016">
      <marc:subfield code="2">DE-101</marc:subfield>
      <marc:subfield code="a">1384018573</marc:subfield>
   </marc:datafield>
   <marc:datafield ind1=" " ind2=" " tag="020">
      <marc:subfield code="a">9783841240439</marc:subfield>
      <marc:subfield code="9">978-3-8412-4043-9</marc:subfield>
   </marc:datafield>
   <marc:datafield ind1="7" ind2=" " tag="024">
      <marc:subfield code="2">urn</marc:subfield>
      <marc:subfield code="a">urn:nbn:de:101:1-2512102318309.801521762041</marc:subfield>
   </marc:datafield>
   <marc:datafield ind1="5" ind2="2" tag="028">
      <marc:subfield code="a">216/04043</marc:subfield>
   </marc:datafield>
   <marc:datafield ind1=" " ind2=" " tag="035">
      <marc:subfield code="a">(DE-599)DNB1384018573</marc:subfield>
   </marc:datafield>
   <marc:datafield ind1=" " ind2=" " tag="035">
      <marc:subfield code="a">(OCoLC)1566989738</marc:subfield>
   </marc:datafield>
   <marc:datafield ind1=" " ind2=" " tag="040">
      <marc:subfield code="a">1140</marc:subfield>
      <marc:subfield code="b">ger</marc:subfield>
      <marc:subfield code="c">DE-101</marc:subfield>
      <marc:subfield code="d">9999</marc:subfield>
   </marc:datafield>
   <marc:datafield ind1=" " ind2=" " tag="041">
      <marc:subfield code="8">1\p</marc:subfield>
      <marc:subfield code="a">ger</marc:subfield>
      <marc:subfield code="h">eng</marc:subfield>
   </marc:datafield>
   <marc:datafield ind1=" " ind2=" " tag="044">
      <marc:subfield code="c">XA-DE-BE</marc:subfield>
   </marc:datafield>
   <marc:datafield ind1="7" ind2="4" tag="082">
      <marc:subfield code="8">4\p</marc:subfield>
      <marc:subfield code="a">830</marc:subfield>
      <marc:subfield code="a">B</marc:subfield>
      <marc:subfield code="q">DE-101</marc:subfield>
      <marc:subfield code="2">23sdnb</marc:subfield>
   </marc:datafield>
   <marc:datafield ind1="1" ind2=" " tag="100">
      <marc:subfield code="8">2\p</marc:subfield>
      <marc:subfield code="0">(DE-588)1258208342</marc:subfield>
      <marc:subfield code="0">https://d-nb.info/gnd/1258208342</marc:subfield>
      <marc:subfield code="0">(DE-101)1258208342</marc:subfield>
      <marc:subfield code="0">(isni)0000000510856635</marc:subfield>
      <marc:subfield code="a">Hazelwood, Ali</marc:subfield>
      <marc:subfield code="e">Verfasser</marc:subfield>
      <marc:subfield code="4">aut</marc:subfield>
      <marc:subfield code="2">gnd</marc:subfield>
   </marc:datafield>
   <marc:datafield ind1="1" ind2="0" tag="245">
      <marc:subfield code="a">Two Can Play – Die spielerische Weiterentwicklung von Liebe</marc:subfield>
      <marc:subfield code="c">Ali Hazelwood</marc:subfield>
   </marc:datafield>
   <marc:datafield ind1=" " ind2=" " tag="250">
      <marc:subfield code="a">1. Auflage</marc:subfield>
   </marc:datafield>
   <marc:datafield ind1=" " ind2="1" tag="264">
      <marc:subfield code="a">Berlin</marc:subfield>
      <marc:subfield code="b">Aufbau Digital</marc:subfield>
      <marc:subfield code="c">2026</marc:subfield>
   </marc:datafield>
   <marc:datafield ind1=" " ind2=" " tag="300">
      <marc:subfield code="a">Online-Ressource, 224 Seiten</marc:subfield>
   </marc:datafield>
   <marc:datafield ind1=" " ind2=" " tag="336">
      <marc:subfield code="a">Text</marc:subfield>
      <marc:subfield code="b">txt</marc:subfield>
      <marc:subfield code="2">rdacontent</marc:subfield>
   </marc:datafield>
   <marc:datafield ind1=" " ind2=" " tag="337">
      <marc:subfield code="a">Computermedien</marc:subfield>
      <marc:subfield code="b">c</marc:subfield>
      <marc:subfield code="2">rdamedia</marc:subfield>
   </marc:datafield>
   <marc:datafield ind1=" " ind2=" " tag="338">
      <marc:subfield code="a">Online-Ressource</marc:subfield>
      <marc:subfield code="b">cr</marc:subfield>
      <marc:subfield code="2">rdacarrier</marc:subfield>
   </marc:datafield>
   <marc:datafield ind1=" " ind2=" " tag="500">
      <marc:subfield code="a">Hinweis zur Barrierefreiheit der Online-Ressource: LIA Compliance Scheme;</marc:subfield>
   </marc:datafield>
   <marc:datafield ind1=" " ind2=" " tag="500">
      <marc:subfield code="a">Hinweis zur Barrierefreiheit der Online-Ressource: Epub Accessibility Specification 1.1;</marc:subfield>
   </marc:datafield>
   <marc:datafield ind1=" " ind2=" " tag="500">
      <marc:subfield code="a">Hinweis zur Barrierefreiheit der Online-Ressource: No reading system accessibility options actively disabled (except);</marc:subfield>
   </marc:datafield>
   <marc:datafield ind1=" " ind2=" " tag="500">
      <marc:subfield code="a">Hinweis zur Barrierefreiheit der Online-Ressource: Table of contents navigation;</marc:subfield>
   </marc:datafield>
   <marc:datafield ind1=" " ind2=" " tag="500">
      <marc:subfield code="a">Hinweis zur Barrierefreiheit der Online-Ressource: Single logical reading order;</marc:subfield>
   </marc:datafield>
   <marc:datafield ind1=" " ind2=" " tag="500">
      <marc:subfield code="a">Hinweis zur Barrierefreiheit der Online-Ressource: Short alternative textual descriptions;</marc:subfield>
   </marc:datafield>
   <marc:datafield ind1=" " ind2=" " tag="500">
      <marc:subfield code="a">Hinweis zur Barrierefreiheit der Online-Ressource: Use of color is not sole means of conveying information;</marc:subfield>
   </marc:datafield>
   <marc:datafield ind1=" " ind2=" " tag="500">
      <marc:subfield code="a">Hinweis zur Barrierefreiheit der Online-Ressource: ARIA roles provided;</marc:subfield>
   </marc:datafield>
   <marc:datafield ind1=" " ind2=" " tag="500">
      <marc:subfield code="a">Hinweis zur Barrierefreiheit der Online-Ressource: Landmark navigation;</marc:subfield>
   </marc:datafield>
   <marc:datafield ind1=" " ind2=" " tag="500">
      <marc:subfield code="a">Hinweis zur Barrierefreiheit der Online-Ressource: All textual content can be modified;</marc:subfield>
   </marc:datafield>
   <marc:datafield ind1=" " ind2=" " tag="500">
      <marc:subfield code="a">Hinweis zur Barrierefreiheit der Online-Ressource: Use of ultra-high contrast between text foreground and background;</marc:subfield>
   </marc:datafield>
   <marc:datafield ind1=" " ind2=" " tag="500">
      <marc:subfield code="a">Hinweis zur Barrierefreiheit der Online-Ressource: Link purposes clear;</marc:subfield>
   </marc:datafield>
   <marc:datafield ind1=" " ind2=" " tag="500">
      <marc:subfield code="a">Hinweis zur Barrierefreiheit der Online-Ressource: WCAG v2.2;</marc:subfield>
   </marc:datafield>
   <marc:datafield ind1=" " ind2=" " tag="500">
      <marc:subfield code="a">Hinweis zur Barrierefreiheit der Online-Ressource: WCAG level A;</marc:subfield>
   </marc:datafield>
   <marc:datafield ind1=" " ind2=" " tag="500">
      <marc:subfield code="a">Hinweis zur Barrierefreiheit, Version der Online-Ressource: EPUB 3.3</marc:subfield>
   </marc:datafield>
   <marc:datafield ind1="1" ind2=" " tag="583">
      <marc:subfield code="a">Archivierung/Langzeitarchivierung gewährleistet</marc:subfield>
      <marc:subfield code="5">DE-101</marc:subfield>
      <marc:subfield code="2">pdager</marc:subfield>
   </marc:datafield>
   <marc:datafield ind1=" " ind2=" " tag="653">
      <marc:subfield code="a">(Produktform)Digital download</marc:subfield>
   </marc:datafield>
   <marc:datafield ind1=" " ind2=" " tag="653">
      <marc:subfield code="a">(Produktform (spezifisch))EPUB</marc:subfield>
   </marc:datafield>
   <marc:datafield ind1=" " ind2=" " tag="653">
      <marc:subfield code="a">(VLB-WN)9171: New Adult Romance</marc:subfield>
   </marc:datafield>
   <marc:datafield ind1=" " ind2=" " tag="653">
      <marc:subfield code="a">(BISAC Subject Heading)FIC027020: FICTION / Romance / Contemporary</marc:subfield>
   </marc:datafield>
   <marc:datafield ind1=" " ind2=" " tag="653">
      <marc:subfield code="a">(BISAC Subject Heading)FIC027240: FICTION / Romance / New Adult</marc:subfield>
   </marc:datafield>
   <marc:datafield ind1=" " ind2=" " tag="653">
      <marc:subfield code="a">(BISAC Subject Heading)FIC027250: FICTION / Romance / Romantic Comedy</marc:subfield>
   </marc:datafield>
   <marc:datafield ind1=" " ind2=" " tag="653">
      <marc:subfield code="a">booktok</marc:subfield>
   </marc:datafield>
   <marc:datafield ind1=" " ind2=" " tag="653">
      <marc:subfield code="a">Bestseller</marc:subfield>
   </marc:datafield>
   <marc:datafield ind1=" " ind2=" " tag="653">
      <marc:subfield code="a">new adult romance</marc:subfield>
   </marc:datafield>
   <marc:datafield ind1=" " ind2=" " tag="653">
      <marc:subfield code="a">Gaming</marc:subfield>
   </marc:datafield>
   <marc:datafield ind1=" " ind2=" " tag="653">
      <marc:subfield code="a">tiktok</marc:subfield>
   </marc:datafield>
   <marc:datafield ind1=" " ind2=" " tag="653">
      <marc:subfield code="a">The Love Hypothesis</marc:subfield>
   </marc:datafield>
   <marc:datafield ind1=" " ind2=" " tag="653">
      <marc:subfield code="a">forced proximity</marc:subfield>
   </marc:datafield>
   <marc:datafield ind1=" " ind2=" " tag="653">
      <marc:subfield code="a">TikTok made me buy it</marc:subfield>
   </marc:datafield>
   <marc:datafield ind1=" " ind2=" " tag="653">
      <marc:subfield code="a">deutsche Ausgabe</marc:subfield>
   </marc:datafield>
   <marc:datafield ind1=" " ind2=" " tag="653">
      <marc:subfield code="a">Liebesroman</marc:subfield>
   </marc:datafield>
   <marc:datafield ind1=" " ind2=" " tag="653">
      <marc:subfield code="a">romcom</marc:subfield>
   </marc:datafield>
   <marc:datafield ind1=" " ind2=" " tag="653">
      <marc:subfield code="a">Bride</marc:subfield>
   </marc:datafield>
   <marc:datafield ind1=" " ind2=" " tag="653">
      <marc:subfield code="a">Farbschnitt</marc:subfield>
   </marc:datafield>
   <marc:datafield ind1=" " ind2=" " tag="653">
      <marc:subfield code="a">Spiegel-Bestseller-Autorin</marc:subfield>
   </marc:datafield>
   <marc:datafield ind1=" " ind2=" " tag="653">
      <marc:subfield code="a">Farbiger Buchschnitt</marc:subfield>
   </marc:datafield>
   <marc:datafield ind1=" " ind2=" " tag="653">
      <marc:subfield code="a">Winter</marc:subfield>
   </marc:datafield>
   <marc:datafield ind1="1" ind2=" " tag="700">
      <marc:subfield code="8">3\p</marc:subfield>
      <marc:subfield code="0">(DE-588)137366078</marc:subfield>
      <marc:subfield code="0">https://d-nb.info/gnd/137366078</marc:subfield>
      <marc:subfield code="0">(DE-101)137366078</marc:subfield>
      <marc:subfield code="0">(isni)0000000057560421</marc:subfield>
      <marc:subfield code="a">Strüh, Anna Julia</marc:subfield>
      <marc:subfield code="e">Übersetzer</marc:subfield>
      <marc:subfield code="4">trl</marc:subfield>
      <marc:subfield code="2">gnd</marc:subfield>
   </marc:datafield>
   <marc:datafield ind1="0" ind2="8" tag="776">
      <marc:subfield code="i">Erscheint auch als</marc:subfield>
      <marc:subfield code="n">Druck-Ausgabe</marc:subfield>
      <marc:subfield code="z">9783352010309</marc:subfield>
   </marc:datafield>
   <marc:datafield ind1=" " ind2=" " tag="850">
      <marc:subfield code="a">DE-101a</marc:subfield>
   </marc:datafield>
   <marc:datafield ind1="4" ind2="0" tag="856">
      <marc:subfield code="u">https://nbn-resolving.org/urn:nbn:de:101:1-2512102318309.801521762041</marc:subfield>
      <marc:subfield code="x">Resolving-System</marc:subfield>
   </marc:datafield>
   <marc:datafield ind1=" " ind2="0" tag="856">
      <marc:subfield code="u">https://d-nb.info/1384018573/34</marc:subfield>
      <marc:subfield code="x">Langzeitarchivierung Nationalbibliothek</marc:subfield>
   </marc:datafield>
   <marc:datafield ind1="4" ind2=" " tag="856">
      <marc:subfield code="q">epub</marc:subfield>
   </marc:datafield>
   <marc:datafield ind1="4" ind2=" " tag="856">
      <marc:subfield code="u">https://www.aufbau-verlage.de</marc:subfield>
      <marc:subfield code="x">Verlag</marc:subfield>
   </marc:datafield>
   <marc:datafield ind1="1" ind2=" " tag="883">
      <marc:subfield code="8">1\p</marc:subfield>
      <marc:subfield code="a">npi</marc:subfield>
      <marc:subfield code="d">20251210</marc:subfield>
      <marc:subfield code="q">DE-101</marc:subfield>
      <marc:subfield code="u">https://d-nb.info/provenance/plan#npi</marc:subfield>
   </marc:datafield>
   <marc:datafield ind1="0" ind2=" " tag="883">
      <marc:subfield code="8">2\p</marc:subfield>
      <marc:subfield code="a">ptc002</marc:subfield>
      <marc:subfield code="d">20260117</marc:subfield>
      <marc:subfield code="q">DE-101</marc:subfield>
      <marc:subfield code="u">https://d-nb.info/provenance/plan#ptc002</marc:subfield>
   </marc:datafield>
   <marc:datafield ind1="0" ind2=" " tag="883">
      <marc:subfield code="8">3\p</marc:subfield>
      <marc:subfield code="a">ptc002</marc:subfield>
      <marc:subfield code="d">20260117</marc:subfield>
      <marc:subfield code="q">DE-101</marc:subfield>
      <marc:subfield code="u">https://d-nb.info/provenance/plan#ptc002</marc:subfield>
   </marc:datafield>
   <marc:datafield ind1="1" ind2=" " tag="883">
      <marc:subfield code="8">4\p</marc:subfield>
      <marc:subfield code="a">npi</marc:subfield>
      <marc:subfield code="d">20251210</marc:subfield>
      <marc:subfield code="q">DE-101</marc:subfield>
      <marc:subfield code="u">https://d-nb.info/provenance/plan#npi</marc:subfield>
   </marc:datafield>
   <marc:datafield ind1="r" ind2=" " tag="925">
      <marc:subfield code="a">ro</marc:subfield>
      <marc:subfield code="a">ra</marc:subfield>
   </marc:datafield>
   <marc:datafield ind1="1" ind2=" " tag="926">
      <marc:subfield code="a">FRB</marc:subfield>
      <marc:subfield code="o">93</marc:subfield>
      <marc:subfield code="v">1.6</marc:subfield>
      <marc:subfield code="x">Liebesromane / Romance: Romantic Comedy</marc:subfield>
   </marc:datafield>
   <marc:datafield ind1="2" ind2=" " tag="926">
      <marc:subfield code="a">FRE</marc:subfield>
      <marc:subfield code="o">93</marc:subfield>
      <marc:subfield code="v">1.6</marc:subfield>
      <marc:subfield code="x">Liebesromane / Romance : Office oder Workplace Romance</marc:subfield>
   </marc:datafield>
   <marc:datafield ind1="2" ind2=" " tag="926">
      <marc:subfield code="a">FRLE</marc:subfield>
      <marc:subfield code="o">93</marc:subfield>
      <marc:subfield code="v">1.6</marc:subfield>
      <marc:subfield code="x">Liebesromane / Romance: Enemies to Lovers</marc:subfield>
   </marc:datafield>
   <marc:datafield ind1="2" ind2=" " tag="926">
      <marc:subfield code="a">FRLH</marc:subfield>
      <marc:subfield code="o">93</marc:subfield>
      <marc:subfield code="v">1.6</marc:subfield>
      <marc:subfield code="x">Liebesromane / Romance: Forced Proximity</marc:subfield>
   </marc:datafield>
   <marc:datafield ind1="2" ind2=" " tag="926">
      <marc:subfield code="a">FYW</marc:subfield>
      <marc:subfield code="o">93</marc:subfield>
      <marc:subfield code="v">1.6</marc:subfield>
      <marc:subfield code="x">Belletristik: Besonderheiten: Literatur mit Bezug zu Computerspielen/ Gaming</marc:subfield>
   </marc:datafield>
   <marc:datafield ind1=" " ind2=" " tag="927">
      <marc:subfield code="a">282689538</marc:subfield>
   </marc:datafield>
</marc:record>
